Biggest Cities In Illinois Outside Of Chicago - Statistics

General Stats
  • This quiz has been taken 24 times
  • The average score is 10 of 15
Answer Stats
Hint Answer % Correct
145,270 Rockford
100%
89,462 Champaign
92%
111,959 Springfield
92%
52,573 Normal
83%
109,665 Peoria
83%
38,202 Urbana
83%
78,554 Bloomington
75%
67,917 Decatur
67%
41,654 Moline
58%
40,212 Belleville
50%
30,941 Pekin
50%
38,600 Quincy
50%
35,836 Rock Island
50%
40,208 DeKalb
42%
31,855 O'Fallon
33%
No matching quizzes found
Score Distribution
Percent of People with Each Score
Percentile by Number Answered
Your Score History
You have not taken this quiz